Tilastot visalle Baltian suurimmat kaupungit

Klikkaa tästä pelataksesi tätä visaa!

Yleistilastot

  • Tätä visaa on pelattu 38 kertaa
  • Keskiarvotulos 8 / 20

Vastaustilastot

HintVastaus% Oikein
614 600LatviaRiika
97%
438 300ViroTallinna
97%
592 400LiettuaVilna
94%
91 400ViroTartto
82%
38 300ViroPärnu
76%
297 200LiettuaKaunas
70%
53 400ViroNarva
67%
68 000LatviaLiepaja
39%
150 600LiettuaKlaipeda
36%
80 600LatviaDaugavpils
30%
50 200LatviaJurmala
30%
32 600ViroKohtla-järve
24%
55 300LatviaJelgava
21%
99 500LiettuaSiauliai
18%
87 400LiettuaPanevezys
15%
33 400LatviaVentspils
9%
51 900LiettuaAlytus
6%
36 200LiettuaMarijampole
3%
26 900LiettuaJonava
0%
35 800LiettuaMazeikiai
0%

Tulosjakauma

Persentiili vastausten määrän mukaan

Jokaisen tuloksen saaneiden osuus

Tuloshistoriasi

Et ole pelannut tätä visaa